00643nam a2200157Ia 4500008004100000024004000041082001600081100006000097245001300157260002500170600002100195650003800216856010700254952010700361999001700468250506s9999 xx 000 0 und d a12B-21-BS, 12B-22BS & 12B-29-BS a004.072 KAS aKashid Mehmood Khan, Omer Moiz Hashmi & Maaz Ali Chohan 0aUrdu OCR aKarachi:bUIT,c2012 aComputer Science aBachelor of Computer Science (BS) uhttps://drive.google.com/file/d/1BW82zjoRkpThl6LvFTr0ou_arDJMNO8L/view?usp=sharingyClick here for PDF 001040708PR-CSaUITUbUITUd2022-07-26l0o004.072 KASpBS-476r2025-05-06 11:34:28w2025-05-06yPR c28493d28493